000 04194cam a22012494i 4500
003 PE-LiUPU
005 20250813185333.0
008 160920s2006 |r 000 0 spa d
020 _a0821368605
020 _a9780821368602
035 _a(Sirsi) a163613
040 _aPE-LiUPU
_bspa
_cPE-LiUPU
_erda
049 _aPRUA
082 0 4 _a338.9
_bG51
_220
100 1 _aGiugale, Marcelo,
_eautor.
245 1 0 _aPerú :
_bla oportunidad de un país diferente: próspero, equitativo y gobernable /
_cMarcelo M. Giugale, Vicente Fretes-Cibils, John L. Newman.
250 _aPrimera edición.
264 _aLima, Perú :
_bBanco Mundial,
_c2006.
300 _a847 páginas ;
_c23 centimetros
336 _atext
_2rdacontent
337 _aunmediated
_2rdamedia
338 _avolume
_2rdacarrier
504 _aBibliografía : páginas 847.
505 0 _a La oportunidad de un país diferente: próspero, equitativo y gobernable -- La importancia del crecimiento para una sociedad próspera -- Gobernabilidad e instituciones -- Manteniendo un marco macroconómico apropiado para un crecimiento sostenible -- Hacia una política tributaria más eficiente -- La sostenibilidad fiscal y el manejo de la deuda política -- L a presentación de servicios públicos : el uso de conseciones -- Profundizando la intermediación financiera -- Comercio exterior -- Hacia la competitividad agropecuaria y la equidad rural -- Desarrollo territorial -- Transporte urbano -- Infraestructura rural -- Elecctricidad -- Agua potable y saneamiento -- Vivienda -- Recursos naturales -- Hidrocarburos -- Pesca -- Minería -- Prioridades ambientales -- Política de salud ambiental --Pobreza y desigualdad -- Derechos de propiedad y tenencia de la tierra -- Juventud -- Educación básica --Educación superior -- Salud -- La red de protección social -- Recursos humanos -- Sistema de penciones -- Decentralización -- Gobierno electrónico -- Justicia -- Crimen y violencia -- Voz y participación.
526 _aP202
526 _aP201
526 _aP163
526 _aP162
526 _aP161
526 _aP160
526 _aP148
526 _aP147
526 _aP146
526 _aP145
526 _aP144
526 _aP143
526 _aP142
526 _aP141
526 _aP140
526 _aP139
526 _aP138
526 _aP137
526 _aP136
526 _aP135
526 _aP134
526 _aP133
526 _aP129
526 _aP128
526 _aP127
526 _aP120
526 _aP119
526 _aP118
526 _aP116
526 _aP115
526 _aP114
526 _aP110
526 _aP109
526 _aP108
526 _aP104
526 _aP103
526 _aP102
526 _aP99
526 _aP98
526 _aP97
526 _aP96
526 _aP95
526 _aP93
526 _aP90
526 _aP89
526 _aP88
526 _aP83
526 _aP82
526 _aP62
526 _aP59
526 _aP58
526 _aP57
526 _aP51
526 _aP49
526 _aP48
526 _aP47
526 _aP29
526 _aP24
526 _aP20
526 _aP19
526 _aP17
526 _aP15
526 _aP14
526 _aP12
526 _aP10
526 _aP09
526 _aP08
526 _aP07
526 _aP06
526 _aP05
526 _aP04
526 _aP01
650 0 4 _apronósticos económicos
_ zPeru .
650 0 4 _aLa política social.
700 1 _aFretes Cibils, Vicente,
_d1956.
700 1 _aNewman, John L.
910 _ajck
_bjos
_cjck
_d20160920
942 _2ddc
_cBOOK
949 _a338.9 G51
_wDEWEY
_c1
_i74441
_lCATALOGING
_mBUL
_p25.00
_r0
_sY
_tBOOK
_u2016-09-20
_xEDUCACION
_zEDUCACION
_0COMPRA
_o.CIRCNOTE. El documento es de alto precio.
_o.STAFF. Colección Educación
596 _a1
999 _a338.9 G51
_wDEWEY
_c12478
_i74441
_d12478
_e2018-11-21
_f2022-4-11
_g5
_lCCODEBUL1
_mBUL
_n2
_p25.00
_q1
_r0
_sY
_tBOOK
_u2016-9-20
_xINGENIERIA
_0COMPRA
_o.STAFF. Colección Educación
980 _81
_gALBERTO SANCHEZ Responsable de Automatización